Lanean...
Navin gadya prakash (h)
| Egile nagusia: | |
|---|---|
| Formatua: | Printed Book |
| Argitaratua: |
TVPM
Mahila Publications
|
| Gaiak: |
| LEADER | 00474nam a2200157 4500 | ||
|---|---|---|---|
| 082 | |a 8H4.08 KES-N | ||
| 100 | |a Kesavan Nair, P K, Ed. | ||
| 245 | |a Navin gadya prakash (h) | ||
| 250 | |||
| 260 | |a TVPM |b Mahila Publications | ||
| 300 | |a 131 p | ||
| 490 | |||
| 650 | |a Hindi essays collections-- Literature | ||
| 942 | |c BK | ||
| 999 | |c 225756 |d 225756 | ||
| 952 | |0 0 |1 0 |4 0 |6 8H4_08_000000000000000_KESN |7 0 |9 239889 |a SDE |b SDE |d 2019-12-12 |l 0 |o 8H4.08 KES-N |p SDE5082 |r 2019-12-12 |w 2019-12-12 |y BK | ||